P.E. 2: (Record no. 2212)

MARC details
000 -LEADER
fixed length control field 00692nam a22001937a 4500
005 - DATE AND TIME OF LATEST TRANSACTION
control field 20230720040913.0
008 - FIXED-LENGTH DATA ELEMENTS--GENERAL INFORMATION
fixed length control field 230720b |||||||| |||| 00| 0 eng d
020 ## - INTERNATIONAL STANDARD BOOK NUMBER
International Standard Book Number 978-971-821-934-8
082 ## - DEWEY DECIMAL CLASSIFICATION NUMBER
Classification number Fil. 792.8 P643 2020
100 ## - MAIN ENTRY--PERSONAL NAME
Personal name Pilobello, Bernadette Bermaglomay I.
Relator term author
245 ## - TITLE STATEMENT
Title P.E. 2:
Remainder of title rhythmic activities /
Statement of responsibility, etc. Bernadette Bermaglomay I. Pilobello, Julies G. Gupo; Adelaida B, Mapalad, editor
260 ## - PUBLICATION, DISTRIBUTION, ETC.
Place of publication, distribution, etc. Malabon City:
Name of publisher, distributor, etc. Mutya Publishing House,
Date of publication, distribution, etc. c2020
300 ## - PHYSICAL DESCRIPTION
Extent 122p.:
Other physical details ill.
504 ## - BIBLIOGRAPHY, ETC. NOTE
Bibliography, etc. note Includes bibliographical references
541 ## - IMMEDIATE SOURCE OF ACQUISITION NOTE
Accession number 7315 c.1, 7316 c.2, 7317 c.3
650 ## - SUBJECT ADDED ENTRY--TOPICAL TERM
Topical term or geographic name entry element Dance
700 ## - ADDED ENTRY--PERSONAL NAME
Personal name Gupo, Julies G.
Relator term author
700 ## - ADDED ENTRY--PERSONAL NAME
Personal name Mapalad, Adelaida B.
Relator term editor
Holdings
Withdrawn status Lost status Source of classification or shelving scheme Damaged status Not for loan Home library Current library Date acquired Total Checkouts Full call number Barcode Date last seen Copy number Price effective from Koha item type
    Dewey Decimal Classification     ctu-moalboal ctu-moalboal 02/10/2022   Fil. 792.8 P643 2020 7315 07/20/2023 1 07/20/2023 Books-Filipiniana
    Dewey Decimal Classification     ctu-moalboal ctu-moalboal 02/10/2022   Fil. 792.8 P643 2020 7316 07/20/2023 2 07/20/2023 Books-Filipiniana
    Dewey Decimal Classification     ctu-moalboal ctu-moalboal 02/10/2022   Fil. 792.8 P643 2020 7317 07/20/2023 3 07/20/2023 Books-Filipiniana